Doing field research (Record no. 29889)

MARC details
000 -LEADER
fixed length control field 00266nam a2200109Ia 4500
082 ## - DEWEY DECIMAL CLASSIFICATION NUMBER
Classification number 301
Item number JOH
100 ## - MAIN ENTRY--AUTHOR NAME
Personal name Johnson, J M
245 #0 - TITLE STATEMENT
Title Doing field research
260 ## - PUBLICATION, DISTRIBUTION, ETC. (IMPRINT)
Place of publication London
Name of publisher Collier Macmillan
Year of publication 1975
942 ## - ADDED ENTRY ELEMENTS (KOHA)
Koha item type Books
Holdings
Withdrawn status Lost status Damaged status Not for loan Home library Current library Date acquired Cost, normal purchase price Full call number Accession Number Koha item type
        RRII Library RRII Library 16/12/2021 4.95 301 JOH 10469 Books